00876cam a2200241 a 4500999001300000001000500013003000900018005001700027008004100044020001500085040003300100082002400133245008600157260004500243300002200288500002000310505001200330650006200342650006700404700002500471942001200496952012600508 c854d8546801BD-DhUAP20210118161236.0200128s2003 ii 001 0 eng  a8190162926 aDLCcBD-DhUAPbEngdBD-DhUAP 223a327.5405492 IND00aIndia-Bangladesh relations, documents, 1971-2002 /cedited by Avtar Singh Bhasin. aNew Delhi :bGeetika Publishers,cc2003. avolumes ;c25 cm. aIncludes index.0 a V. 2-- aForeign relationszIndiazBangladeshvSources.y1971-2002 aPolitics and governmentzIndiazBangladeshvSourcesy1971-20021 aBhasin, Avtar Singh. 2ddccBK 00102ddc4070aUAPCLbUAPCLcGeneral Stacksd2020-01-28o327.5405492 IND V-2p3010006801r2020-01-28t1w2020-01-28yBK